[Event "NCA-ch sf"]
[Site "Managua"]
[Date "2022.02.13"]
[Round "3"]
[White "Sanchez, Steven"]
[Black "Salazar Cabezas, Alberto Javier"]
[Result "0-1"]
[WhiteElo "2041"]
[BlackElo "2162"]
[PlyCount "88"]
[EventDate "2022.02.12"]
[EventType "swiss"]
[EventRounds "9"]
[EventCountry "NCA"]
[SourceTitle "EXT 2023"]
[Source "ChessBase"]
[SourceDate "2022.10.05"]
[SourceVersion "1"]
[SourceVersionDate "2022.10.05"]
[SourceQuality "1"]

1. Nf3 Nf6 2. c4 c6 3. g3 d5 4. Bg2 dxc4 5. b3 cxb3 6. Qxb3 Qb6 7. Qc2 g6 8. Bb2 Bg7 9. 0-0 0-0 10. Na3 Na6 11. Nc4 Qd8 12. Rab1 Be6 13. Bxf6 Bxf6 14. Rxb7 Nc5 15. Rbb1 Rc8 16. Ne3 Qa5 17. Rfc1 Na4 18. Nc4 Qa6 19. e4 Nc3 20. dxc3 Bxc4 21. e5 Bg7 22. Bf1 Qxa2 23. Rb2 Qa6 24. Rbb1 Bxf1 25. Rxf1 c5 26. Rfe1 Rfd8 27. Rbd1 Qc6 28. Re3 Rb8 29. h4 Qb5 30. Kg2 Bh6 31. Ree1 Rxd1 32. Rxd1 Qc6 33. Qa2 Ra8 34. Qc4 a5 35. Rd5 Rc8 36. Qe4 Kg7 37. g4 e6 38. c4 Bc1 39. Qe1 exd5 40. cxd5 Qxd5 41. Qxc1 Rb8 42. Qf4 Rb3 43. Qf6+ Kg8 44. e6 fxe6 0-1

[Event "Managua Hurtado Memorial"]
[Site "Managua"]
[Date "2021.12.29"]
[Round "6"]
[White "Sanchez, Steven"]
[Black "Ortiz, Marcos"]
[Result "0-1"]
[WhiteElo "2044"]
[BlackElo "2242"]
[PlyCount "69"]
[EventDate "2021.12.26"]
[EventType "tourn"]
[EventRounds "9"]
[EventCountry "NCA"]
[SourceTitle "CBM 206 Extra"]
[Source "ChessBase"]
[SourceDate "2022.03.31"]
[SourceVersion "1"]
[SourceVersionDate "2022.03.31"]
[SourceQuality "1"]

1. e4 c5 2. Nf3 e6 3. c3 Nf6 4. d3 Nc6 5. g3 d5 6. e5 Nd7 7. d4 Be7 8. Bg2 b5 9. a3 a5 10. 0-0 Ba6 11. Re1 0-0 12. h4 h6 13. Nbd2 cxd4 14. cxd4 b4 15. Nf1 bxa3 16. bxa3 Rb8 17. N1h2 Qb6 18. Be3 Qb3 19. Qd2 Qb2 20. Bxh6 Qxd2 21. Bxd2 Rb3 22. Rec1 Bc4 23. Rc3 Rfb8 24. Re3 Rb1+ 25. Re1 Rxe1+ 26. Bxe1 a4 27. Bf1 Nb6 28. Ng4 Bxf1 29. Kxf1 Nc4 30. Ne3 Nxa3 31. Rc1 Rb6 32. Ng5 Bxg5 33. hxg5 Ra6 34. Bc3 Nb5 35. Ra1 0-1

[Event "NCA-chT final"]
[Site "Managua"]
[Date "2021.10.17"]
[Round "2.2"]
[White "Sanchez, Steven"]
[Black "Izaba, Rodolfo"]
[Result "0-1"]
[WhiteElo "2076"]
[BlackElo "2046"]
[PlyCount "70"]
[EventDate "2021.10.16"]
[EventType "team-tourn"]
[EventRounds "11"]
[EventCountry "NCA"]
[SourceTitle "EXT 2023"]
[Source "ChessBase"]
[SourceDate "2022.10.05"]
[SourceVersion "1"]
[SourceVersionDate "2022.10.05"]
[SourceQuality "1"]
[WhiteTeam "Alcaldia de Managua"]
[BlackTeam "Jane Allen's Knights "]
[WhiteTeamCountry "NCA"]
[BlackTeamCountry "NCA"]

1. c4 Nf6 2. Nc3 c5 3. g3 g6 4. Bg2 Bg7 5. e4 Nc6 6. Nge2 d6 7. 0-0 0-0 8. d3 a6 9. f4 Rb8 10. h3 h5 11. f5 b5 12. Nf4 Ne5 13. Ncd5 bxc4 14. dxc4 e6 15. Ne3 Re8 16. g4 hxg4 17. hxg4 Nh7 18. Rb1 Ng5 19. b3 Bb7 20. Qc2 Nh7 21. Bb2 Qg5 22. Qe2 gxf5 23. Nh3 Qh4 24. gxf5 Ng5 25. Nxg5 Qxg5 26. Bxe5 Bxe5 27. Qg4 Qxg4 28. Nxg4 Bd4+ 29. Kh1 Kg7 30. f6+ Kg6 31. Kh2 Kg5 32. Kg3 Rh8 33. Rbd1 Rh4 34. Nf2 Rbh8 35. Nh3+ Rxh3+ 0-1

[Event "Managua Ramirez de Arellano Memorial"]
[Site "Managua"]
[Date "2021.07.17"]
[Round "4"]
[White "Martinez Orozco, Cristiana Yorlene"]
[Black "Sanchez, Steven"]
[Result "0-1"]
[WhiteElo "1430"]
[BlackElo "2028"]
[PlyCount "88"]
[EventDate "2021.07.10"]
[EventType "swiss"]
[EventRounds "9"]
[EventCountry "NCA"]
[SourceTitle "EXT 2023"]
[Source "ChessBase"]
[SourceDate "2022.10.05"]
[SourceVersion "1"]
[SourceVersionDate "2022.10.05"]
[SourceQuality "1"]

1. d4 Nf6 2. c4 e6 3. Nc3 Bb4 4. Nf3 d5 5. e3 0-0 6. Bd3 b6 7. cxd5 exd5 8. Qc2 c5 9. 0-0 Re8 10. a3 Bxc3 11. bxc3 c4 12. Be2 Ne4 13. Nd2 Nd6 14. Bf3 Bf5 15. Qd1 Be4 16. Bxe4 Nxe4 17. Nxe4 dxe4 18. a4 Nc6 19. Rb1 Qd7 20. Ba3 Rad8 21. Rb5 Qc7 22. Qh5 Re6 23. h3 g6 24. Qg5 a6 25. Rd5 f6 26. Rxd8+ Qxd8 27. Qf4 f5 28. Rd1 Ne5 29. d5 Re8 30. Rd4 Qd7 31. a5 b5 32. Qg5 Kg7 33. d6 h6 34. Qf4 Re6 35. h4 Nd3 36. Qh2 h5 37. Qg3 Rf6 38. Qg5 Rf7 39. Rd5 Qe6 40. Rd4 b4 41. Bxb4 Nxb4 42. cxb4 c3 43. Rd1 c2 44. Rc1 Qxd6 0-1

[Event "NCA Selectivo II Etapa"]
[Site "Managua"]
[Date "2021.07.09"]
[Round "7"]
[White "Rocha, Maximiliano"]
[Black "Sanchez, Steven"]
[Result "1-0"]
[WhiteElo "2111"]
[BlackElo "2028"]
[PlyCount "109"]
[EventDate "2021.07.03"]
[EventType "tourn"]
[EventRounds "9"]
[EventCountry "NCA"]
[SourceTitle "EXT 2022"]
[Source "ChessBase"]
[SourceDate "2021.10.06"]
[SourceVersion "1"]
[SourceVersionDate "2021.10.06"]
[SourceQuality "1"]

1. e4 g6 2. d4 Bg7 3. Bc4 e6 4. Nc3 a6 5. a4 b6 6. Nf3 d6 7. 0-0 Ne7 8. Re1 Bb7 9. Bb3 h6 10. Be3 Nd7 11. Qd2 g5 12. h3 Ng6 13. d5 e5 14. Ne2 Nc5 15. Ng3 Bc8 16. Bc4 Bd7 17. Nf5 Bf6 18. Bxc5 bxc5 19. c3 h5 20. Nh2 Nf4 21. Bf1 g4 22. g3 Nxh3+ 23. Bxh3 gxh3 24. Nf3 h4 25. Kh2 hxg3+ 26. fxg3 Rg8 27. Rg1 Rg4 28. Qe2 Rg8 29. b4 Qc8 30. g4 cxb4 31. cxb4 Qb7 32. Qd2 Rb8 33. Rab1 Bxf5 34. exf5 Kd7 35. Qh6 Bg7 36. Qd2 e4 37. f6 Bxf6 38. Qf4 Qxd5 39. Qxf6 exf3 40. Rgd1 Qe6 41. Qxf3 Rxg4 42. Re1 Qg6 43. Rbc1 c5 44. bxc5 f5 45. c6+ Kc8 46. c7 Rb2+ 47. Kh1 Re4 48. Rg1 Qe6 49. Qc3 Rg2 50. Qxh3 Rgg4 51. Rxg4 fxg4 52. Qh8+ Qe8 53. Qh4 g3 54. Qh3+ Qd7 55. Qxd7+ 1-0

[Event "Managua Gomez Argenal Memorial"]
[Site "Managua"]
[Date "2021.05.29"]
[Round "1"]
[White "Altamirano Beteta, Alexander Jose"]
[Black "Sanchez, Steven"]
[Result "0-1"]
[WhiteElo "1414"]
[BlackElo "2003"]
[PlyCount "102"]
[EventDate "2021.05.29"]
[EventType "swiss"]
[EventRounds "9"]
[EventCountry "NCA"]
[SourceTitle "EXT 2022"]
[Source "ChessBase"]
[SourceDate "2021.10.06"]
[SourceVersion "1"]
[SourceVersionDate "2021.10.06"]
[SourceQuality "1"]

1. e4 c5 2. Nf3 e6 3. c3 d5 4. e5 Nc6 5. d4 Qb6 6. Be2 Nh6 7. 0-0 cxd4 8. Bd3 Bd7 9. cxd4 Nxd4 10. Nc3 Nc6 11. a3 g6 12. Bd2 Be7 13. b4 Qc7 14. Re1 Ng4 15. Qe2 f6 16. Bf4 fxe5 17. Nxe5 Ncxe5 18. Bxe5 Qxe5 19. Qxe5 Nxe5 20. Rxe5 Bf6 21. Rae1 Bxe5 22. Rxe5 0-0 23. Ne2 Rac8 24. f3 Rfe8 25. Kf2 a6 26. Ke3 Kg7 27. g3 Kf6 28. f4 Ba4 29. g4 h6 30. h4 Kf7 31. h5 gxh5 32. Rxh5 Kg7 33. Re5 Bd1 34. Kd4 Bxe2 35. Rxe2 Rc1 36. Re3 Rg1 37. Be2 Kf6 38. Rh3 Rh8 39. g5+ Kf5 40. gxh6 Kxf4 41. h7 Re1 42. Rf3+ Kg5 43. Bd3 Kh6 44. Kc5 e5 45. Kxd5 Rd8+ 46. Kc5 e4 47. Rh3+ Kg7 48. Bc4 Rc1 49. Rh4 b5 50. Kb6 bxc4 51. Kxa6 e3 0-1

[Event "NCA-chT Final"]
[Site "Managua"]
[Date "2020.10.24"]
[Round "1.3"]
[White "Puhiera, Roger"]
[Black "Sanchez, Steven"]
[Result "0-1"]
[WhiteElo "1945"]
[BlackElo "2010"]
[PlyCount "82"]
[EventDate "2020.10.24"]
[EventType "team-tourn"]
[EventRounds "11"]
[EventCountry "NCA"]
[SourceTitle "EXT 2022"]
[Source "ChessBase"]
[SourceDate "2021.10.06"]
[SourceVersion "1"]
[SourceVersionDate "2021.10.06"]
[SourceQuality "1"]

1. e4 c5 2. d4 cxd4 3. c3 d3 4. Bxd3 Nc6 5. Nf3 e6 6. Be3 Qc7 7. Nbd2 Nf6 8. h3 d5 9. Qe2 Be7 10. 0-0 0-0 11. b4 b6 12. b5 Na5 13. Bd4 Bb7 14. e5 Nd7 15. Nh2 Nc5 16. Bc2 Rae8 17. f4 f5 18. g4 g6 19. Nhf3 Ne4 20. Bxe4 dxe4 21. Ng5 Bxg5 22. fxg5 Bd5 23. Rf4 Bc4 24. Qf2 Bxb5 25. h4 Nc6 26. gxf5 exf5 27. a4 Bc4 28. a5 b5 29. Bc5 Nxe5 30. Bxf8 Nd3 31. Qd4 Nxf4 32. Qd6 Qxd6 33. Bxd6 Ne2+ 34. Kg2 Nxc3 35. a6 Rd8 36. Bc5 Rxd2+ 37. Kh1 Bd5 38. Be3 Re2 39. Bg1 f4 40. Bxa7 e3+ 41. Kg1 Rg2+ 0-1

[Event "NCA-chT final"]
[Site "Managua"]
[Date "2019.11.10"]
[Round "8.4"]
[White "Sanchez, Steven"]
[Black "Granados Diaz, Maria Esther"]
[Result "1-0"]
[WhiteElo "2031"]
[BlackElo "1860"]
[PlyCount "67"]
[EventDate "2019.10.26"]
[EventType "team-tourn"]
[EventRounds "11"]
[EventCountry "NCA"]
[SourceTitle "EXT 2021"]
[Source "ChessBase"]
[SourceDate "2020.10.23"]
[SourceVersion "1"]
[SourceVersionDate "2020.10.23"]
[SourceQuality "1"]
[WhiteTeam "Universidad de Ingenieria"]
[BlackTeam "Soldados del Amor"]
[WhiteTeamCountry "NCA"]
[BlackTeamCountry "NCA"]

1. d4 d6 2. Nf3 Nd7 3. g3 Ngf6 4. Bg2 g6 5. c4 c5 6. 0-0 Bg7 7. Nc3 0-0 8. b3 Rb8 9. Bb2 a6 10. a4 b6 11. d5 Ne4 12. Qc2 Nxc3 13. Bxc3 Bxc3 14. Qxc3 b5 15. axb5 axb5 16. h4 Nf6 17. Nd2 Bg4 18. f3 Bd7 19. e4 bxc4 20. bxc4 Rb4 21. g4 Qb6 22. h5 Rb8 23. hxg6 hxg6 24. Rf2 Rb2 25. e5 Ne8 26. Re1 Qb4 27. Qd3 dxe5 28. Rxe5 Ra8 29. Rxe7 Ra3 30. Qe2 Qa4 31. Bf1 Nd6 32. Qe5 Ne8 33. Rh2 Ng7 34. Ne4 1-0

[Event "NCA-chT final"]
[Site "Managua"]
[Date "2019.11.03"]
[Round "4.4"]
[White "Sanchez, Steven"]
[Black "Espinoza Solano, Jose Nahum"]
[Result "1/2-1/2"]
[WhiteElo "2031"]
[BlackElo "1875"]
[PlyCount "162"]
[EventDate "2019.10.26"]
[EventType "team-tourn"]
[EventRounds "11"]
[EventCountry "NCA"]
[SourceTitle "EXT 2021"]
[Source "ChessBase"]
[SourceDate "2020.10.23"]
[SourceVersion "1"]
[SourceVersionDate "2020.10.23"]
[SourceQuality "1"]
[WhiteTeam "Universidad de Ingenieria"]
[BlackTeam "Ramirez de Arellano Academia"]
[WhiteTeamCountry "NCA"]
[BlackTeamCountry "NCA"]

1. d4 Nf6 2. Bf4 g6 3. Nf3 d6 4. e3 Nh5 5. Bg5 h6 6. Bh4 g5 7. Nfd2 Ng7 8. Bg3 Nf5 9. Bc4 h5 10. h3 Nxg3 11. fxg3 d5 12. Bd3 Qd6 13. Qf3 g4 14. Qf4 gxh3 15. gxh3 Bh6 16. Qxd6 cxd6 17. Nc3 e6 18. Kf2 Nc6 19. Nf3 Bg7 20. a3 a6 21. g4 Bd7 22. g5 Ke7 23. h4 f6 24. Raf1 Raf8 25. Kg3 f5 26. Ng1 Kd8 27. Nh3 e5 28. Nxd5 Be6 29. c4 Bxd5 30. cxd5 Ne7 31. e4 fxe4 32. Bxe4 exd4 33. Kg2 Be5 34. Rxf8+ Rxf8 35. Rf1 Rxf1 36. Kxf1 Bg3 37. Kg2 Bxh4 38. Nf4 Ke8 39. g6 Ng8 40. Nxh5 Nf6 41. Nxf6+ Bxf6 42. Bd3 Ke7 43. Kf2 Bg5 44. a4 Bc1 45. b3 Kf6 46. Be4 a5 47. Ke2 Ba3 48. Kd3 Bc5 49. Kc4 b6 50. Kb5 Kg7 51. Kc6 Kf6 52. Kd7 Kg7 53. Bf5 Bb4 54. Kc7 Bc5 55. Be4 Kf6 56. Kd7 Kg7 57. Bb1 Bb4 58. Ke6 Ba3 59. Kf5 Bb4 60. Bd3 Ba3 61. Ba6 Bb4 62. Bc8 Bd2 63. Bd7 Bb4 64. Bb5 Ba3 65. Bc4 Bb4 66. Bd3 Ba3 67. Ke6 Bb4 68. Kd7 Ba3 69. Kc6 Bc5 70. Kb5 Kf6 71. Bf5 Kg7 72. Kc4 Kf6 73. Kb5 Kg7 74. Kc6 Kf6 75. Kd7 Bb4 76. Ke8 Bd2 77. Bd3 Kg7 78. Be4 Kf6 79. Bb1 Kg7 80. Bd3 Bb4 81. Bc2 Ba3 1/2-1/2

[Event "NCA-chT fase1"]
[Site "Managua"]
[Date "2019.10.13"]
[Round "9.3"]
[White "Sanchez, Steven"]
[Black "Salinas Barrera, Jovani Enrique"]
[Result "1-0"]
[WhiteElo "2031"]
[BlackElo "1578"]
[PlyCount "45"]
[EventDate "2019.09.28"]
[EventType "team-swiss"]
[EventRounds "9"]
[EventCountry "NCA"]
[SourceTitle "CBM 194 Extra"]
[Source "ChessBase"]
[SourceDate "2020.03.31"]
[SourceVersion "1"]
[SourceVersionDate "2020.03.31"]
[SourceQuality "1"]
[WhiteTeam "Universidad de Ingenieria"]
[BlackTeam "Leon Santiago de los Caballeros"]
[WhiteTeamCountry "NCA"]
[BlackTeamCountry "NCA"]

1. d4 d5 2. Bf4 Nf6 3. e3 g6 4. Nc3 Bg7 5. h4 c6 6. h5 Nxh5 7. Rxh5 gxh5 8. Qxh5 Be6 9. Nf3 Kd7 10. 0-0-0 f6 11. e4 Qg8 12. g4 Na6 13. Bh3 Nc7 14. Ne1 Re8 15. Nd3 b6 16. f3 Qf7 17. Qh4 h5 18. Qg3 hxg4 19. Bxg4 Bxg4 20. fxg4 Bh6 21. g5 Bxg5 22. Bxg5 fxg5 23. Ne5+ 1-0

[Event "NCA-ch"]
[Site "Managua"]
[Date "2019.03.03"]
[Round "3"]
[White "Pilarte, Rene"]
[Black "Sanchez, Steven"]
[Result "1-0"]
[WhiteElo "2118"]
[BlackElo "2083"]
[PlyCount "77"]
[EventDate "2019.03.02"]
[EventType "tourn"]
[EventRounds "11"]
[EventCountry "NCA"]
[SourceTitle "EXT 2020"]
[Source "ChessBase"]
[SourceDate "2019.10.17"]
[SourceVersion "1"]
[SourceVersionDate "2019.10.17"]
[SourceQuality "1"]

1. Nf3 c5 2. c4 Nc6 3. g3 g6 4. Bg2 Bg7 5. 0-0 d6 6. Nc3 e5 7. d3 Nf6 8. Bd2 0-0 9. a3 a5 10. Ne1 Be6 11. Nc2 Rb8 12. Rb1 d5 13. cxd5 Nxd5 14. Ne3 Nxe3 15. Bxe3 Nd4 16. b4 cxb4 17. axb4 b5 18. bxa5 Qxa5 19. Bxd4 exd4 20. Nd5 b4 21. Ne7+ Kh8 22. Nc6 Qa3 23. Nxb8 Rxb8 24. Ra1 Ba2 25. Qc2 b3 26. Qc7 Rf8 27. Bd5 Qb2 28. Qb7 Bh6 29. Bxb3 Qxb3 30. Qa6 Qd5 31. Qxa2 Qh5 32. Qc2 Re8 33. Ra2 Bf8 34. Rb1 Kg8 35. Rb7 Qd5 36. Raa7 Bc5 37. Rd7 Qe5 38. Qc4 Be7 39. Qc7 1-0

[Event "NCA-chT final"]
[Site "Managua"]
[Date "2018.11.18"]
[Round "10.1"]
[White "Sanchez, Steven"]
[Black "Ortiz, Marcos"]
[Result "1/2-1/2"]
[WhiteElo "2102"]
[BlackElo "2155"]
[PlyCount "76"]
[EventDate "2018.10.27"]
[EventType "team-tourn"]
[EventRounds "11"]
[EventCountry "NCA"]
[SourceTitle "EXT 2020"]
[Source "ChessBase"]
[SourceDate "2019.10.17"]
[SourceVersion "1"]
[SourceVersionDate "2019.10.17"]
[SourceQuality "1"]

1. c4 g6 2. Nc3 Bg7 3. g3 d6 4. Bg2 c5 5. d3 Nc6 6. e4 a6 7. a4 Rb8 8. Nge2 Nf6 9. Rb1 0-0 10. 0-0 Ne8 11. Be3 Nc7 12. d4 cxd4 13. Nxd4 Nxd4 14. Bxd4 Bxd4 15. Qxd4 b5 16. Rfd1 b4 17. Nd5 e5 18. Qe3 Nxd5 19. Rxd5 Be6 20. b3 Bxd5 21. exd5 Qb6 22. Qxb6 Rxb6 23. Kf1 f5 24. Ke2 Rc8 25. Ke3 Kf7 26. Rc1 Rc5 27. Bh3 h5 28. f3 Kf6 29. Bf1 Rb8 30. Bd3 a5 31. g4 hxg4 32. fxg4 Rh8 33. gxf5 Rh3+ 34. Ke2 Rxh2+ 35. Ke3 gxf5 36. Rf1 f4+ 37. Kf3 Rc7 38. Rg1 Rg7 1/2-1/2

[Event "NCA-chT final"]
[Site "Managua"]
[Date "2018.11.04"]
[Round "5.1"]
[White "Sanchez, Steven"]
[Black "Izaba, Rodolfo"]
[Result "1-0"]
[WhiteElo "2102"]
[BlackElo "1990"]
[PlyCount "75"]
[EventDate "2018.10.27"]
[EventType "team-tourn"]
[EventRounds "11"]
[EventCountry "NCA"]
[SourceTitle "EXT 2020"]
[Source "ChessBase"]
[SourceDate "2019.10.17"]
[SourceVersion "1"]
[SourceVersionDate "2019.10.17"]
[SourceQuality "1"]

1. c4 Nf6 2. Nc3 c5 3. Nf3 b6 4. g3 Bb7 5. Bg2 g6 6. 0-0 Bg7 7. Re1 0-0 8. e4 Nc6 9. e5 Ne8 10. d3 Rb8 11. Bf4 Nc7 12. d4 cxd4 13. Nxd4 Nxd4 14. Bxb7 Rxb7 15. Qxd4 Ne6 16. Qe3 Nxf4 17. Qxf4 Qc8 18. Ne4 Re8 19. Rac1 e6 20. Nf6+ Bxf6 21. exf6 Qc5 22. Re5 Qf8 23. h4 Rc8 24. Rd1 Rbc7 25. b3 Qd8 26. g4 Rc5 27. Re3 h5 28. f3 b5 29. Red3 R8c7 30. cxb5 Rxb5 31. a4 Rbc5 32. b4 Rc4 33. Qg5 hxg4 34. h5 Kh7 35. hxg6+ fxg6 36. fxg4 Rc3 37. Qh4+ Kg8 38. f7+ 1-0

[Event "Managua Hurtado Memorial 17th"]
[Site "Managua"]
[Date "2017.12.15"]
[Round "8"]
[White "Gavarrete, Nahun"]
[Black "Sanchez, Steven"]
[Result "1-0"]
[WhiteElo "2224"]
[BlackElo "2139"]
[PlyCount "103"]
[EventDate "2017.12.11"]
[EventType "swiss"]
[EventRounds "9"]
[EventCountry "NCA"]
[SourceTitle "CBM 182 Extra"]
[Source "ChessBase"]
[SourceDate "2018.02.23"]
[SourceVersion "1"]
[SourceVersionDate "2018.02.23"]
[SourceQuality "1"]

1. d4 Nf6 2. Nc3 d5 3. Bg5 e6 4. e4 Bb4 5. e5 h6 6. Bh4 g5 7. exf6 gxh4 8. Qf3 Nd7 9. a3 Bxc3+ 10. Qxc3 Nxf6 11. 0-0-0 c6 12. Nf3 Bd7 13. Bd3 Qe7 14. Qe1 Qd6 15. Kb1 0-0-0 16. Nxh4 c5 17. dxc5 Qxc5 18. Nf3 Qc7 19. Ne5 Bc6 20. h4 Ne4 21. Nxc6 Qxc6 22. Rh3 Kb8 23. Bxe4 dxe4 24. Rc3 Rxd1+ 25. Qxd1 Qd5 26. Qg4 Rd8 27. Qf4+ e5 28. Qxh6 Qd4 29. Ka2 Qd5+ 30. b3 Qd4 31. Qg5 b5 32. h5 Rd6 33. Qg8+ Rd8 34. Qg3 f5 35. h6 f4 36. Qg5 Re8 37. Qg6 Qxc3 38. Qxe8+ Kc7 39. Qf7+ Kc6 40. Qg6+ Kd5 41. Qg8+ Kd6 42. Qd8+ Ke6 43. Qd1 Qc7 44. Kb2 a5 45. Qe2 Qb7 46. g4 Kf6 47. Qd1 Qc7 48. Qh1 b4 49. axb4 Kg6 50. Qxe4+ Kxh6 51. b5 Qc5 52. Qc6+ 1-0

[Event "Managua Hurtado Memorial 17th"]
[Site "Managua"]
[Date "2017.12.13"]
[Round "4"]
[White "Quesada Perez, Yasser"]
[Black "Sanchez, Steven"]
[Result "1-0"]
[WhiteElo "2545"]
[BlackElo "2139"]
[PlyCount "73"]
[EventDate "2017.12.11"]
[EventType "swiss"]
[EventRounds "9"]
[EventCountry "NCA"]
[SourceTitle "CBM 182 Extra"]
[Source "ChessBase"]
[SourceDate "2018.02.23"]
[SourceVersion "1"]
[SourceVersionDate "2018.02.23"]
[SourceQuality "1"]

1. e4 c5 2. Nf3 Nc6 3. Bb5 e6 4. Bxc6 bxc6 5. d3 d5 6. Qe2 Ba6 7. c4 Be7 8. 0-0 Nf6 9. Nc3 0-0 10. b3 Bb7 11. Ba3 Nd7 12. Na4 Re8 13. Qd2 Rc8 14. e5 Bf8 15. Rac1 Ba6 16. Rc2 Qc7 17. Re1 Red8 18. Qc3 d4 19. Qd2 Rb8 20. Re2 Rb4 21. Nxc5 Bxc5 22. Bxb4 Bxb4 23. Qxb4 c5 24. Qd2 Bb7 25. Qg5 a5 26. Nd2 h6 27. Qg3 a4 28. bxa4 Qa5 29. Rb2 Qxa4 30. Re1 Bc6 31. Ne4 Bxe4 32. Qh4 Bxd3 33. Qxd8+ Kh7 34. h3 Qa3 35. Rb3 Qxa2 36. Rxd3 Nxe5 37. Rg3 1-0